| 000 | 01013nam a2200253Ia 4500 | ||
|---|---|---|---|
| 003 | OSt | ||
| 005 | 20221005103648.0 | ||
| 006 | a|||||r|||| 00| 0 | ||
| 007 | ta | ||
| 008 | 221004b |||||||| |||| 00| 0 hin d | ||
| 020 |
_a9788179753156 (hbk) _c400 |
||
| 024 | _a106068 | ||
| 037 |
_bIN1037, 17/03/2011, Anamika Publishers & Distributors Pvt. Ltd. _cTextual |
||
| 040 |
_aCRL _cCRL _bhin |
||
| 041 |
_2hin _ahin |
||
| 082 | _aY5927.2, 152Q0 | ||
| 100 | _aबड़त्या, सूरज | ||
| 245 | 0 | _aसत्ता संस्कृति और दलित सौंदर्यशास्त्र | |
| 246 | _aSattā sanskṛuti aur dalit sauandaryashāstra | ||
| 260 |
_aदिल्ली _bअनामिका पब्लिर्शस भारत _c2010 |
||
| 300 |
_a218पृ0 _ccm. |
||
| 942 |
_hY5927.2, 152Q0 _cTEXL _2cc |
||
| 999 |
_c1010543 _d1010543 |
||